[Event "AUTO-OPEN-2588"]
[Site "http://www.queenalice.com/game.php?id=1023225"]
[Date "2012.1.31"]
[Round "1"]
[White "acauamusic"]
[Black "elconfesor"]
[Result "0-1"]
[WhiteElo "1662"]
[BlackElo "1687"]

1. d4 d5 2. e3 Bf5 3. g4 Be4 4. f3 Bg6 5. Nc3 e6 6. f4 Qh4+ 7. Kd2 Bb4 8. a3
Bxc3+ 9. bxc3 Nf6 10. Be2 Ne4+ 11. Kd3 Nf2+ 12. Kd2 Nxd1 13. Kxd1 Be4 14. Bf3
Bxf3+ 15. Nxf3 Qxg4 16. Rf1 Qg2 17. Ke1 Qxc2 18. Bd2 Qb2 19. Rd1 Nc6 20. Kf2
Qxa3 21. Rb1 b6 22. Bc1 Qe7 23. Ne5 Nxe5 24. fxe5 f5 25. Ra1 Qh4+ 26. Ke2 Qxh2+
27. Kd3 Qg2 28. Ba3 Qe4+ 29. Ke2 Qc2+ 30. Kf3 g5 31. Rh1 Qxc3 32. Bd6 cxd6 33.
exd6 f4 34. Rac1 Qxe3+ 0-1

[Event "Challenge"]
[Site "http://www.queenalice.com/game.php?id=1026935"]
[Date "2012.2.6"]
[Round "-"]
[White "JD"]
[Black "acauamusic"]
[Result "0-1"]
[WhiteElo "1685"]
[BlackElo "1541"]

1. c4 e6 2. a3 d5 3. e3 Bd7 4. Nc3 Bd6 5. cxd5 c6 6. Qb3 cxd5 7. Qxb7 Nc6 8. Bb5
Rc8 9. Bxc6 Bxc6 10. Qxa7 d4 11. Qxd4 e5 12. Qg4 Nf6 13. Qxg7 Rg8 14. Qh6 Bxg2
15. f3 Bxh1 16. Kf2 Qe7 17. Nh3 e4 18. fxe4 Ng4+ 19. Kg1 Nxh6+ 20. Kxh1 f6 21.
d4 Qg7 22. Ne2 Qg2# 0-1

[Event "Challenge"]
[Site "http://www.queenalice.com/game.php?id=1026936"]
[Date "2012.2.6"]
[Round "-"]
[White "acauamusic"]
[Black "JD"]
[Result "1-0"]
[WhiteElo "1563"]
[BlackElo "1705"]

1. e4 c5 2. f4 e6 3. e5 Qh4+ 4. g3 Qd8 5. d3 Nc6 6. Bd2 f6 7. Nc3 fxe5 8. fxe5
Nxe5 9. Qe2 Qf6 10. Nb5 Kd8 11. h4 h6 12. Nh3 d5 13. Bc3 d4 14. Bd2 a6 15. Na3
b5 16. Ng5 Be7 17. Bg2 Ra7 18. Rf1 Qg6 19. Be4 Qe8 20. Nxe6+ Bxe6 21. Qf2 Nf6
22. O-O-O Bxa2 23. b3 c4 24. Kb2 Nxd3+ 25. Bxd3 Bxb3 26. Bf5 Bxa3+ 27. Kxa3 b4+
28. Bxb4 Qa4+ 29. Kb2 c3+ 30. Bxc3 Nd5 31. Rxd4 Qa2+ 32. Kc1 Bc4 33. Rxd5+ Bxd5
34. Qxa7 Qa3+ 35. Kd1 Re8 36. Qd7# 1-0

[Event "Challenge"]
[Site "http://www.queenalice.com/game.php?id=1031135"]
[Date "2012.2.19"]
[Round "-"]
[White "acauamusic"]
[Black "Vladimir"]
[Result "0-1"]
[WhiteElo "1583"]
[BlackElo "1741"]

1. e4 e5 2. c3 Nf6 3. b4 Nxe4 4. d3 Nf6 5. Be2 d5 6. Nf3 Bd6 7. O-O a6 8. a3 h6
9. a4 O-O 10. c4 dxc4 11. dxc4 Bxb4 12. Nxe5 Bc5 13. Nc3 Bd4 14. Bh5 Bxc3 15.
Ba3 Bxa1 16. Bxf8 Qxd1 17. Rxd1 Bxe5 18. g3 Kxf8 19. Rd8+ Ke7 20. Rxc8 Nxh5 21.
g4 Nf4 22. Rg8 b5 23. axb5 a5 24. c5 c6 25. bxc6 Ra6 26. Rc8 Rxc6 27. Rxc6 Nxc6
28. f3 a4 0-1

[Event "Challenge"]
[Site "http://www.queenalice.com/game.php?id=1031174"]
[Date "2012.2.19"]
[Round "-"]
[White "JD"]
[Black "acauamusic"]
[Result "1-0"]
[WhiteElo "1655"]
[BlackElo "1660"]

1. c4 e5 2. e3 f5 3. a3 Nc6 4. Nc3 d6 5. h3 Be6 6. b3 Nf6 7. f3 Be7 8. d4 O-O 9.
d5 Qd7 10. dxc6 Qxc6 11. g4 e4 12. f4 fxg4 13. hxg4 Bxg4 14. Be2 d5 15. Nxd5
Bxe2 16. Nxe7+ Kh8 17. Qxe2 Qd7 18. Ng6+ Kg8 19. Ne5 Qd6 20. c5 Nd5 21. Qh5 Qh6
22. Ne2 Qxh5 23. Rxh5 Ne7 24. Bb2 Nd5 25. Rg5 Nxe3 26. Kd2 Nf5 27. Ng3 Rad8+ 28.
Ke2 Nd4+ 29. Bxd4 Rxd4 30. Nf5 h6 31. Rxg7+ Kh8 32. Ng6# 1-0

[Event "Challenge ptII"]
[Site "http://www.queenalice.com/game.php?id=1043146"]
[Date "2012.3.26"]
[Round "-"]
[White "acauamusic"]
[Black "Vladimir"]
[Result "1-0"]
[WhiteElo "1577"]
[BlackElo "1747"]

1. e4 e5 2. Nf3 Nc6 3. c3 Nf6 4. Be2 Nxe4 5. d3 Nf6 6. Be3 d5 7. Nbd2 h6 8. d4
e4 9. Ne5 Nxe5 10. dxe5 Nd7 11. f4 exf3 12. Nxf3 Nc5 13. Qc2 Ne6 14. O-O-O Bc5
15. Nd4 c6 16. Rhf1 O-O 17. Qd3 Bxd4 18. cxd4 b6 19. Qa3 Bb7 20. Kb1 Qc7 21. Rc1
Rfc8 22. Rc2 c5 23. Rfc1 c4 24. Qb4 Ba6 25. b3 b5 26. Qe1 Nf8 27. Qg3 Ng6 28. h4
Qc6 29. Qg4 Qe6 30. h5 Qxg4 31. Bxg4 Rf8 32. hxg6 fxg6 33. Be6+ Kh7 34. Bxd5
Rad8 35. bxc4 bxc4 36. Bxc4 Rb8+ 37. Ka1 Bb7 38. d5 Rf5 39. Bxa7 Rd8 40. Bb6 Ra8
41. d6 Bc6 42. e6 Rff8 43. e7 1-0

[Event "Challenge"]
[Site "http://www.queenalice.com/game.php?id=1052198"]
[Date "2012.4.24"]
[Round "-"]
[White "Mr_SPOCK"]
[Black "acauamusic"]
[Result "0-1"]
[WhiteElo "1758"]
[BlackElo "1600"]

1. e4 e5 2. Nf3 Nc6 3. d4 exd4 4. Nxd4 Nf6 5. Bg5 Be7 6. Nc3 d6 7. h3 h6 8. Bh4
d5 9. exd5 Nxd5 10. Bb5 Nxc3 11. bxc3 Bxh4 12. g3 Bf6 13. O-O O-O 14. Qh5 Bd7
15. Nf5 g6 16. Nxh6+ Kh7 17. Bd3 Kg7 18. Qc5 Kxh6 19. f4 Bxh3 20. Rf2 Qd6 21.
Qb5 Bxc3 22. Qg5+ Kg7 23. f5 Bxa1 24. Rh2 Bd4+ 25. Rf2 Bxf2+ 26. Kxf2 Qd4+ 27.
Ke1 Ne5 28. f6+ Kg8 29. Qh6 Nf3+ 30. Kd1 Qxf6 31. Ke2 Rae8+ 32. Kf2 Ne1+ 33. Kg1
Nxd3 34. Qxh3 Qf2+ 35. Kh1 Re1+ 36. Qf1 Rxf1# 0-1

[Event "Final Challenge "]
[Site "http://www.queenalice.com/game.php?id=1052388"]
[Date "2012.4.24"]
[Round "-"]
[White "acauamusic"]
[Black "Vladimir"]
[Result "1-0"]
[WhiteElo "1643"]
[BlackElo "1713"]

1. e4 e5 2. Nf3 Nc6 3. d3 h6 4. Be3 Nf6 5. d4 exd4 6. Nxd4 Nxd4 7. Bxd4 Nxe4 8.
Bd3 d5 9. Bxe4 dxe4 10. Nc3 Bf5 11. Qe2 Bb4 12. O-O-O Qg5+ 13. Be3 Qxg2 14. Qb5+
Bd7 15. Qxb7 O-O 16. Qxb4 Bf5 17. Qd4 a5 18. Rhg1 Qxg1 19. Rxg1 Bg6 20. h4 Rad8
21. Qe5 Rfe8 22. Qg3 Kf8 23. Bc5+ Kg8 24. h5 Re5 25. Qxe5 1-0

[Event "Challenge"]
[Site "http://www.queenalice.com/game.php?id=1052834"]
[Date "2012.4.26"]
[Round "-"]
[White "markoa"]
[Black "acauamusic"]
[Result "1-0"]
[WhiteElo "1614"]
[BlackElo "1667"]

1. d4 d5 2. c4 dxc4 3. Nc3 Bd7 4. e4 Nc6 5. Be3 e5 6. d5 Nce7 7. Bxc4 Nf6 8. h3
c6 9. d6 Nc8 10. Bg5 Qb6 11. Nf3 Qxb2 12. Bd2 Nxd6 13. Rb1 Qa3 14. Rb3 Qc5 15.
Be2 Nfxe4 16. Nxe4 Nxe4 17. O-O b5 18. Be3 Qd6 19. Qc2 f5 20. Rd3 Qf6 21. Qd1 f4
22. Rxd7 fxe3 23. Rb7 exf2+ 24. Rxf2 Bc5 25. Qd7+ Kf8 26. Qc7 Bxf2+ 27. Kf1 Qd8
28. Qf7# 1-0

[Event "Challenge"]
[Site "http://www.queenalice.com/game.php?id=1052910"]
[Date "2012.4.26"]
[Round "-"]
[White "acauamusic"]
[Black "R0ni"]
[Result "0-1"]
[WhiteElo "1662"]
[BlackElo "2509"]

1. e4 e5 2. Nf3 Nc6 3. Nc3 Nf6 4. d3 Bb4 5. Be3 d5 6. exd5 Nxd5 7. a3 Nxc3 8.
Qd2 Ne4 9. Qxb4 Nxb4 10. axb4 Nf6 11. Nxe5 Qe7 12. Nc4 b5 13. Nd2 Nd5 14. Ne4
Nxe3 15. fxe3 Qxb4+ 16. Nc3 Qxb2 17. Rb1 Qxc3+ 18. Kd1 Bg4+ 19. Be2 Bxe2+ 20.
Kxe2 Qxc2+ 21. Kf3 Qxd3 22. Rxb5 Qxb5 0-1

[Event "Challenge"]
[Site "http://www.queenalice.com/game.php?id=1052951"]
[Date "2012.4.26"]
[Round "-"]
[White "acauamusic"]
[Black "zmanomega"]
[Result "0-1"]
[WhiteElo "1687"]
[BlackElo "1580"]

1. e3 d5 2. Nf3 f6 3. Nc3 c6 4. d4 Qd6 5. Bd3 Bg4 6. h3 Bh5 7. e4 e6 8. Be3 Qe7
9. g4 Bg6 10. e5 Bxd3 11. Qxd3 Qc7 12. O-O-O fxe5 13. Nxe5 Nd7 14. Qd2 Nxe5 15.
dxe5 Qxe5 16. Bd4 Qd6 17. Rhe1 b6 18. Qe3 O-O-O 19. Qxe6+ Qxe6 20. Rxe6 Kc7 21.
Rde1 Rd7 22. Re8 Nf6 23. R8e6 c5 24. Be5+ Kb7 25. Bxf6 h5 26. Be5 h4 27. Re8 Ka6
28. Rd1 d4 29. Ne4 Rf7 30. Bd6 Kb5 31. f4 a5 32. f5 g6 33. fxg6 Rf3 34. Ng5 Rf2
35. Nh7 Bh6+ 36. g5 Bxg5+ 37. Nxg5 Rxe8 38. Nf7 Rf6 39. Rg1 Rg8 40. g7 Rxf7 41.
Be5 a4 42. Rg4 a3 43. bxa3 Kc4 44. Rxh4 Kc3 45. Rh7 Rf1# 0-1

[Event "Challenge 1"]
[Site "http://www.queenalice.com/game.php?id=1053937"]
[Date "2012.4.29"]
[Round "-"]
[White "acauamusic"]
[Black "MarcosT"]
[Result "0-1"]
[WhiteElo "1647"]
[BlackElo "1833"]

1. e3 e5 2. d4 e4 3. f3 a6 4. fxe4 Qh4+ 5. g3 Qxe4 6. Nf3 d5 7. Nc3 Qf5 8. Bd3
Qh5 9. Ne5 Qxd1+ 10. Kxd1 Bd6 11. Nxd5 Be6 12. Bc4 Ne7 13. e4 O-O 14. b3 Nxd5
15. Bxd5 Bxd5 16. exd5 Bxe5 17. dxe5 Nd7 0-1

[Event "Challenge 2"]
[Site "http://www.queenalice.com/game.php?id=1053938"]
[Date "2012.4.29"]
[Round "-"]
[White "MarcosT"]
[Black "acauamusic"]
[Result "1-0"]
[WhiteElo "1842"]
[BlackElo "1638"]

1. e4 e5 2. Nc3 Bd6 3. Nf3 Nc6 4. d3 h6 5. Be2 Nf6 6. a3 O-O 7. O-O a5 8. Bd2 b6
9. b4 Nd4 10. Nxd4 exd4 11. Nd5 Be5 12. c3 Nxd5 13. exd5 Bb7 14. c4 c6 15. Bf3
cxd5 16. cxd5 Ba6 17. bxa5 b5 18. Bb4 1-0

[Event ":("]
[Site "http://www.queenalice.com/game.php?id=1053976"]
[Date "2012.4.29"]
[Round "-"]
[White "acauamusic"]
[Black "Mr_SPOCK"]
[Result "1-0"]
[WhiteElo "1622"]
[BlackElo "1745"]

1. e4 e5 2. Nf3 Nc6 3. d4 Bb4+ 4. c3 Ba5 5. d5 Nd4 6. Nfd2 Nf6 7. cxd4 exd4 8.
b3 Nxe4 9. Qe2 Qe7 10. a4 O-O 11. Ba3 d6 12. b4 c5 13. bxa5 f5 14. Nxe4 fxe4 15.
Bb2 d3 16. Qe3 c4 17. Na3 Bf5 18. Nxc4 Qc7 19. Nxd6 Qxa5+ 20. Qd2 Qxd5 21. Qc3
Rf6 22. Nxf5 Kf7 23. Qc7+ Ke6 24. Nxg7# 1-0

[Event ":(("]
[Site "http://www.queenalice.com/game.php?id=1054374"]
[Date "2012.4.30"]
[Round "-"]
[White "Mr_SPOCK"]
[Black "acauamusic"]
[Result "0-1"]
[WhiteElo "1704"]
[BlackElo "1685"]

1. e4 e5 2. Nf3 Nc6 3. Nc3 Nf6 4. Bc4 Bc5 5. d3 a6 6. Bg5 Qe7 7. Nh4 a5 8. Nd5
Qd6 9. Qf3 Nd4 10. Nxf6+ gxf6 11. Bxf7+ Kxf7 12. Nf5 Nxf3+ 13. gxf3 Qb6 14. Be3
Bxe3 15. fxe3 Qxb2 16. Nh6+ Kg6 17. O-O Kxh6 18. Rae1 Rg8+ 19. Kf2 Qxa2 20. Re2
a4 21. Rg1 Rxg1 22. Kxg1 Qb1+ 23. Kg2 d6 24. f4 Bh3+ 25. Kg3 Kh5 26. fxe5 Qf1
27. e6 Rg8# 0-1

[Event "em Honra aos pais"]
[Site "http://www.queenalice.com/game.php?id=1055025"]
[Date "2012.5.1"]
[Round "-"]
[White "acauamusic"]
[Black "Vladimir"]
[Result "0-1"]
[WhiteElo "1702"]
[BlackElo "1673"]

1. b3 e5 2. e3 d5 3. Nf3 Bg4 4. d4 e4 5. c3 exf3 6. g3 Nf6 7. h3 Bh5 8. g4 Bg6
9. Qxf3 Be4 10. Qf4 Bxh1 11. f3 Bd6 12. Qf5 g6 13. Qxd5 Nxd5 14. e4 Bg3+ 15. Ke2
Nf4+ 16. Ke3 O-O 17. Ba3 Re8 18. Nd2 f5 19. Bb5 c6 20. Bc4+ Nd5+ 21. Kd3 b5 22.
Bxb5 cxb5 23. exd5 Qxd5 24. Rxh1 Bf4 25. c4 bxc4+ 26. bxc4 Re3+ 27. Kc2 Qa5 28.
Kd1 Qa4+ 0-1

[Event "Challenge"]
[Site "http://www.queenalice.com/game.php?id=1055926"]
[Date "2012.5.4"]
[Round "-"]
[White "acauamusic"]
[Black "JD"]
[Result "1-0"]
[WhiteElo "1668"]
[BlackElo "1687"]

1. d4 Nf6 2. f4 e6 3. Nc3 Nc6 4. Nf3 d5 5. Ne5 Bd6 6. e3 Bxe5 7. dxe5 Nd7 8. e4
dxe4 9. Nxe4 f5 10. Ng5 h6 11. Qh5+ g6 12. Qxg6+ Ke7 13. Qf7# 1-0

[Event "nigga challenge"]
[Site "http://www.queenalice.com/game.php?id=1059346"]
[Date "2012.5.13"]
[Round "-"]
[White "Givanildo"]
[Black "acauamusic"]
[Result "0-1"]
[WhiteElo "1604"]
[BlackElo "1667"]

1. e3 e5 2. Bc4 d5 3. Bb3 Nf6 4. h3 Bd6 5. d4 e4 6. g4 Nc6 7. c3 Be6 8. Ne2 g5
9. a3 Qe7 10. Bd2 O-O-O 11. Ba4 Qd7 12. b4 h5 13. b5 Na5 14. b6 c6 15. bxa7 Kc7
16. c4 Nxc4 17. Bc3 Ra8 18. Qb3 Rxa7 19. Bb4 b5 20. Bxd6+ Qxd6 21. Bxb5 cxb5 22.
Qxb5 Rb7 23. Qc5+ Qxc5 24. dxc5 Kc6 25. Nbc3 hxg4 26. Nd4+ Kxc5 27. Na4+ Kd6 28.
Rc1 gxh3 29. Rh2 Nxa3 30. Rc6+ Ke7 31. Ra6 Ng4 32. Nc6+ Kf6 33. Nc5 Rb5 34. Nxe6
fxe6 35. Nd4 Rb1+ 36. Kd2 Nxh2 37. Rxe6+ Kf7 38. Re5 Nc4+ 39. Kc2 Nxe5 40. Kxb1
Nd3 41. Nc6 Nf3 42. Kc2 Nxf2 43. Kc3 h2 44. Kb4 h1=R 45. Kb5 Nd3 46. Kb6 Ke6 47.
Nd4+ Kd7 48. Kb7 Rb1+ 49. Ka7 Kc7 50. Ne6+ Kc6 51. Nc5 Rh7+ 52. Ka8 Ra1+ 53. Kb8
Rh8# 0-1

[Event ":((("]
[Site "http://www.queenalice.com/game.php?id=1059347"]
[Date "2012.5.13"]
[Round "-"]
[White "acauamusic"]
[Black "Mr_SPOCK"]
[Result "0-1"]
[WhiteElo "1680"]
[BlackElo "1635"]

1. e3 e5 2. Nc3 d5 3. d4 e4 4. f3 Nf6 5. fxe4 dxe4 6. g4 Bxg4 7. Nge2 Bb4 8. Bg2
O-O 9. h3 Bh5 10. Qd2 Nd5 11. Bxe4 Qh4+ 12. Kd1 c6 13. a3 Ba5 14. b4 Nxc3+ 15.
Qxc3 Qxe4 16. Qe1 Bg6 17. Ra2 Bc7 18. Nc3 Qf3+ 19. Ne2 a5 20. Qf1 Qd5 21. Nc3
Qh5+ 22. Qe2 Qh4 23. bxa5 Bxa5 24. Bb2 Bh5 25. Rg1 Bxe2+ 26. Nxe2 Qf2 27. d5 f6
28. d6 Qxe3 29. c3 Qd3+ 0-1